MLB Pitchers with 300 wins and 3000 strikeouts - Statistics

General Stats
  • This quiz has been taken 58 times
  • The average score is 7 of 10
Answer Stats
Wins Strikeouts Pitcher % Correct
324 5,714 Nolan Ryan
97%
303 4,875 Randy Johnson
92%
417 3,509 Walter Johnson
92%
355 3,371 Greg Maddux
89%
354 4,672 Roger Clemens
86%
311 3,640 Tom Seaver
68%
318 3,342 Phil Niekro
65%
329 4,136 Steve Carlton
54%
314 3,534 Gaylord Perry
49%
324 3,574 Don Sutton
43%
No matching quizzes found
Score Distribution
Percent of People with Each Score
Percentile by Number Answered
Your Score History
You have not taken this quiz